Rural society /

Saved in:
Bibliographic Details
Main Author: Sanders, Irwin T. (Irwin Taylor), 1909-
Format: Book
Language:English
Published: Englewood Cliffs, N.J. : Prentice-Hall, c1977.
Series:Prentice-Hall foundations of modern sociology series.
Subjects:
LEADER 01157cam a2200325 a 4500
001 c000219093
003 CARM
005 20031001220212.0
008 761210s1977 njua b 001 0 eng
010 |a 76030737 
019 1 |a 23873890  |z 771576  |5 LACONCORD2021 
020 |a 0137844476 :  |c $8.95 
020 |a 0137844395 (pbk. : )) :  |c $3.95 
035 |a (OCoLC)2655452  |5 LACONCORD2021 
040 |a LC  |b eng  |c LC  |d XNTU 
050 0 0 |a HT421  |b .S25 1977 
050 1 4 |a HT421  |b .S25 1977 
082 0 4 |a 307.7/2  |2 19 
082 0 4 |a 307.7/2 
100 1 |a Sanders, Irwin T.  |q (Irwin Taylor),  |d 1909- 
245 1 0 |a Rural society /  |c Irwin T. Sanders. 
260 |a Englewood Cliffs, N.J. :  |b Prentice-Hall,  |c c1977. 
300 |a xiv, 170 p. :  |b ill. ;  |c 24 cm. 
490 0 |a Prentice-Hall foundations of modern sociology series. 
500 |a Includes index. 
504 |a Bibliography: p. 159-162. 
650 0 |a Sociology, Rural. 
852 8 |b CARM  |h A2:AL14A0  |i B06218  |p 0275632  |f BK 
999 f f |i d180e80b-54b0-5ab5-b424-cb2b95e84e92  |s 13532792-71ee-59d1-ac37-3b40f0f722bd 
952 f f |p Can circulate  |a CAVAL  |b CAVAL  |c CAVAL  |d CARM 1 Store  |e B06218  |f A2:AL14A0  |h Other scheme  |i book  |m 0275632